000
00201 a2200097 4500
001
4191
100
_a
Lanford smith,F
245
_a
Radio designers hand
260
_a
_b
Iliffe
_c
090
_c
3408
_d
3408
942
_a
NUST-CAE
_c
M
_c
26758
999
_c
239264
_d
239264